00421nam a2200157Ia 4500003000400000005001700004008004100021040000900062082001500071100003100086245006200117260002200179300000900201942003600210999001700246OSt20200608143614.0190216s9999||||xx |||||||||||||| ||und|| coclc a327bMAH/I a Mahajan, Vidya Dhar91752 0aInternational Relations Since 1900 /cVidya Dhar Mahajan bMacmillan,c1985. a856p cBK2ddch327iMAH/Ik327mMAH/I c19868d19868